|
|
|
|
| LEADER |
01244nam a22003017a 4500 |
| 001 |
42689 |
| 003 |
BD-DhAAL |
| 005 |
20250819114238.0 |
| 008 |
240625t2000 nyua|||| |||| 00| 0 eng d |
| 020 |
|
|
|a 0026354454
|
| 020 |
|
|
|a 0026354462
|
| 040 |
|
|
|a BD-DhAAL
|d BD-DhAAL
|
| 082 |
|
|
|a 807.12
|
| 245 |
|
|
|a Glencoe literature, world literature :
|b the reader's choice /
|c Beverly Ann Chin.. [et al].
|
| 264 |
|
|
|a New York, N.Y. :
|b Glencoe/McGraw-Hill,
|c ©2000.
|
| 300 |
|
|
|a xxix, 1199, R146 pages :
|b illustrations (some color), color maps ;
|c 27 cm.
|
| 500 |
|
|
|a Includes indexes
|
| 541 |
|
|
|a Donation from the Asia Foundation/Savar Campus Library
|e 42689
|
| 650 |
|
|
|a English literature
|x Study and teaching (Secondary).
|
| 700 |
|
|
|a Chin, Beverly Ann.
|9 23443
|
| 700 |
|
|
|a Wolfe, Denny.
|9 56577
|
| 700 |
|
|
|a Wilhelm, Jeffrey.
|9 56578
|
| 700 |
|
|
|a Ray, William.
|9 56579
|
| 700 |
|
|
|a Royster, Jacqueline Jones.
|9 19369
|
| 710 |
|
|
|a Glencoe/McGraw-Hill.
|
| 942 |
|
|
|2 ddc
|c BK
|
| 999 |
|
|
|c 46742
|d 46742
|
| 952 |
|
|
|0 0
|1 0
|2 ddc
|4 0
|6 807_120000000000000_GLE
|7 0
|9 75692
|a SCL
|b SCL
|c GEN
|d 2024-06-25
|e Donation from the Asia Foundation/ Savar Campus
|l 0
|o 807.12 GLE
|p 3020042689
|r 2024-06-25
|t 1
|w 2024-06-25
|y BK
|x Donation from the Asia Foundation/ Savar Campus
|